00856nam a2200205 a 450000100060000000300080000600500170001400800410003103500190007204000320009104100080012308200220013110000350015324500680018826000490025630000180030550400390032350502340036265000540059618971BD-RjUL20211209000351.0140222s1949 nyu b 001 1 eng d a(BD-RjUL)19029 aDLCcDLCdDLCdBD-RjULbeng aeng00a821.09bFAR 1949 1 aFairchild, Hoxie Neale,d1894-10aReligious trends in English poetry /cby Hoxie Neale Fairchild. aNew York :bColumbia university press,c1949 a v. ;c24 cm. aIncludes bibliographies. and Index1 a1. 1700-1740. Protestantism and the cult of sentiment.--2. 1740-1780. Religious sentimentalism in the age of Johnson.--3. 1780-1830: Romantic faith. --5. 1880-1920: Gods of a changing poetry.--6. 1920-1965: Valley of dry bones. 0aReligious poetry, EnglishxHistory and criticism.